Statistiques concernant Pokémon de la neuvième génération

Cliquez ici pour prendre le quiz!

Statistiques générales

  • Ce quiz a été pris 150 fois
    (95 depuis la dernière actualisation)
  • Le résultat moyen est 8 sur 18

Statistiques - réponses

Pokémon% Correct
Chochodile
82%
Poussacha
82%
Coiffeton
77%
Koraidon
74%
Miraidon
73%
Gourmelet
48%
Pohm
48%
Olivini
41%
Pâtachiot
39%
Motorizard
34%
Balbalèze
29%
Tag-Tag
29%
Taupikeau
29%
Ampibidou
28%
Craparoi
23%
Carmadura
22%
Farigiraf
22%
Malvalame
22%

Distribution des résultats

Percentile par nombre de réponses

% des personnes avec chaque résultat

Votre développement - résultats

Vous n’avez pas pris ce quiz depuis la dernière actualisation